Role of computed tomography (C T) in patients of hemoptysis with normal skiagram chest (Record no. 87393)

MARC details
000 -LEADER
fixed length control field 00366nam a2200133Ia 4500
008 - FIXED-LENGTH DATA ELEMENTS--GENERAL INFORMATION
fixed length control field 230917s9999||||xx |||||||||||||| ||und||
040 ## - CATALOGING SOURCE
-- 96283
Original cataloging agency VIVEKANANDA LIBRARY
041 ## - Language
-- English
082 ## - DDC NUMBER
Classification number 615.812 M29R
100 ## - MAIN ENTRY--PERSONAL NAME
Personal name Malhotra, Rajeev
245 #0 - TITLE STATEMENT
Title Role of computed tomography (C T) in patients of hemoptysis with normal skiagram chest
300 ## - PHYSICAL DESCRIPTION
Pages 90 p.
942 ## - ADDED ENTRY ELEMENTS (KOHA)
Koha item type Thesis
Holdings
Withdrawn status Lost status Damaged status Not for loan Location (home branch) Sublocation or collection (holding branch) Shelving location Date acquired Koha issues (times borrowed) Koha full call number Accession No. Koha date last seen Koha item type
        VIVEKANANDA LIBRARY VIVEKANANDA LIBRARY Reference 18/08/2003   615.812 M29R 167117 17/09/2023 Thesis
© Designed and Maintained by Vivekananda Library, MDU Rohtak